Harlingen, Texas /

Bibliographic Details
Corporate Author: Bookmap Corporation
Format: Map
Language:English
Published: San Antonio, Tex., [publisher not identified] ; [1973]
Subjects:

MARC

Tag First Indicator Second Indicator Subfields
LEADER 00000cem a2200000 4500
001 in00002773321
005 20150922113025.0
007 aj canzn
008 740828s1973 txu a 1 eng
010 |a  74694557  
017 |a F56691  |b U.S. Copyright Office 
020 |c $0.50 
035 |a (OCoLC)ocm05407449 
035 |a (OCoLC)5407449 
040 |a DLC  |b eng  |c DLC  |d OCL  |d OCLCQ  |d TXA  |d UtOrBLW 
043 |a n-us-tx 
049 |a TXAM 
050 0 0 |a G4034.H3A4 1973  |b .B6 
052 |a 4034  |b H3 
110 2 |a Bookmap Corporation. 
245 1 0 |a Harlingen, Texas /  |c [Prepared for Harlingen Area Chamber of Commerce]. 
246 1 |i Folded title:  |a Brochuremap, Harlingen. 
255 |a Scale [ca. 1:16,000]. 
264 1 |a San Antonio, Tex.,  |b [publisher not identified] ;  |c [1973] 
264 4 |c ©1973 
300 |a 1 map :  |b color ;  |c 56 x 72 cm. folded to 19 x 10 cm. 
336 |a cartographic image  |b cri  |2 rdacontent 
337 |a unmediated  |b n  |2 rdamedia 
338 |a sheet  |b nb  |2 rdacarrier 
500 |a At head of title: Pictomap. 
500 |a "Date of photography: May 1973." 
500 |a Indexed. 
500 |a Text, col. ill., directory of sponsors, and area map on verso. 
500 |a Cartographic material. 
651 0 |a Harlingen (Tex.)  |v Maps. 
655 7 |a Remote-sensing maps.  |2 lcgft 
948 |a cataloged  |b h  |c 2012/8/20  |d c  |e jgreene  |f 10:35:31 am 
994 |a C0  |b TXA 
999 |a MARS 
999 f f |s a36e127f-2c3e-32ec-b735-5c221f5d14fb  |i 83af41f1-6460-34a7-8519-a3b08e19aff9  |t 0 
952 f f |p normal  |a Texas A&M University  |b College Station  |c Sterling C. Evans Library  |d Evans: Maps (2nd floor)  |t 0  |e G4034.H3A4 1973 .B6  |h Library of Congress classification  |i unmediated -- sheet  |m A14841103474 
998 f f |a G4034.H3A4 1973 .B6  |t 0  |l Evans: Maps (2nd floor)